<?xml version="1.0" encoding="UTF-8"?>
<record
    xmlns:xsi="http://www.w3.org/2001/XMLSchema-instance"
    xsi:schemaLocation="http://www.loc.gov/MARC21/slim http://www.loc.gov/standards/marcxml/schema/MARC21slim.xsd"
    xmlns="http://www.loc.gov/MARC21/slim">

  <leader>00754caa a22001812a 4500</leader>
  <controlfield tag="001">  003537</controlfield>
  <controlfield tag="003">  AR-FADEU</controlfield>
  <controlfield tag="008">  311216n########xxu####################dd</controlfield>
  <datafield tag="092" ind1=" " ind2=" ">
    <subfield code="a">150.195 2</subfield>
    <subfield code="b">F889s-3</subfield>
  </datafield>
  <datafield tag="100" ind1=" " ind2=" ">
    <subfield code="a">Freud, Sigmund</subfield>
  </datafield>
  <datafield tag="245" ind1=" " ind2=" ">
    <subfield code="a">Autobiograf&#xED;a</subfield>
  </datafield>
  <datafield tag="300" ind1=" " ind2=" ">
    <subfield code="a">PP 2761-2832</subfield>
  </datafield>
  <datafield tag="500" ind1=" " ind2=" ">
    <subfield code="a">En: Obras Completas v 3 / Sigmund Freud. Madrid : Biblioteca Nueva, 1973</subfield>
  </datafield>
  <datafield tag="942" ind1=" " ind2=" ">
    <subfield code="c">BDGR</subfield>
  </datafield>
  <datafield tag="773" ind1="0" ind2=" ">
    <subfield code="0">9350</subfield>
    <subfield code="9">7982</subfield>
    <subfield code="a">Freud, Sigmund</subfield>
    <subfield code="b">3a. ed</subfield>
    <subfield code="d">Madrid</subfield>
    <subfield code="o">11511</subfield>
    <subfield code="t">Obras Completas</subfield>
    <subfield code="w">(  AR-FADEU)  003520</subfield>
    <subfield code="x"></subfield>
    <subfield code="z">84-7030-226-4</subfield>
  </datafield>
  <datafield tag="773" ind1="0" ind2=" ">
    <subfield code="0">9350</subfield>
    <subfield code="9">7983</subfield>
    <subfield code="a">Freud, Sigmund</subfield>
    <subfield code="b">3a. ed</subfield>
    <subfield code="d">Madrid</subfield>
    <subfield code="o">11512</subfield>
    <subfield code="t">Obras Completas</subfield>
    <subfield code="w">(  AR-FADEU)  003520</subfield>
    <subfield code="x"></subfield>
    <subfield code="z">84-7030-226-4</subfield>
  </datafield>
  <datafield tag="773" ind1="0" ind2=" ">
    <subfield code="0">9350</subfield>
    <subfield code="9">7984</subfield>
    <subfield code="a">Freud, Sigmund</subfield>
    <subfield code="b">3a. ed</subfield>
    <subfield code="d">Madrid</subfield>
    <subfield code="o">11513</subfield>
    <subfield code="t">Obras Completas</subfield>
    <subfield code="w">(  AR-FADEU)  003520</subfield>
    <subfield code="x"></subfield>
    <subfield code="z">84-7030-226-4</subfield>
  </datafield>
  <datafield tag="999" ind1=" " ind2=" ">
    <subfield code="c">9367</subfield>
    <subfield code="d">9367</subfield>
  </datafield>
</record>
